| 000 | 01261nam a2200313 a 4500 | ||
|---|---|---|---|
| 001 | 000041784 | ||
| 003 | OSt | ||
| 005 | 20240307073948.0 | ||
| 008 | 110830d1984 dr 000 0 spa d | ||
| 040 |
_aDO-SdBNP _bspa _cDO-SdBNP |
||
| 082 |
_a510 _bB142m,1983 |
||
| 100 | 1 |
_aBaéz de Erazo, Melba _937061 |
|
| 245 | 1 | 0 |
_aMatemática básica I / _cMelba Baéz de Erazo, Reyita Taveras de Fría. |
| 250 | _a5a ed | ||
| 260 |
_aSanto Domingo : _bUniversidad Autónoma de Santo Domingo, _c1984 |
||
| 300 |
_a314 p. ; _c23 cm. |
||
| 490 | 1 |
_a Publicaciones de la Universidad Autónoma de Santo Domingo ; _aCiencia y tecnología No. 11 _v281 |
|
| 504 | _aBibliografía : p. 315 | ||
| 650 | 4 |
_aMatemáticas _xLibros de texto _929573 |
|
| 650 | 4 |
_aMatemáticas _xProblemas, ejercícios, etc. _919473 |
|
| 650 | 4 |
_aTeoría de conjuntos _xProblemas, ejercicios, etc. _919474 |
|
| 650 | 4 |
_aLógica _xProblemas, ejercicios, etc. _936516 |
|
| 650 | 4 |
_aEcuaciones _xProblemas, ejercicios, etc. _919476 |
|
| 700 | 1 | 2 |
_aTaveras de Fría, Rayita _950281 |
| 710 | 1 |
_aUniversidad Autónoma de Santo Domingo _972951 |
|
| 830 | 0 |
_a Publicaciones de la Universidad Autónoma de Santo Domingo ; Ciencia y tecnología No. 11 _v281 _968644 _n2 |
|
| 942 |
_2ddc _cLBS1 |
||
| 956 | _aVMateo | ||
| 999 |
_c41273 _d41273 |
||